000 00667nam a2200289Ia 4500
005 20260324124306.0
008 008 260324s9999 xx 000 0 eng d
020 _a9781315604572
037 _aEBOOK
040 _aCRL
040 _beng
040 _cCRL
041 _2eng
041 _aeng
084 _qCRL
100 _aAdryan Bell
_91173595
245 0 _aRe-imagining the Office
245 4 _bThe New Workplace Challenge
260 _bTaylor and Francis
260 _c2010
365 _a
365 _b150
856 _uhttp://www.taylorfrancis.com/books/9781315604572
942 _cEBOOK
999 _c1767849
_d1767849